| 000 | 00441nam a2200193Ia 4500 | ||
|---|---|---|---|
| 005 | 20240823022947.0 | ||
| 008 | 240823s9999||||xx |||||||||||||| ||und|| | ||
| 020 | _a978-0-00-722800-7 | ||
| 041 | _aENGLISH | ||
| 082 | _A823 P6 | ||
| 100 | _aSidney Sheldon | ||
| 245 | 4 | _aThe other side of me | |
| 250 | _a1st | ||
| 260 |
_c2006 _b"Harper Collins,New" |
||
| 500 | _aYES | ||
| 650 |
_aNovel _bEnglish |
||
| 942 | _cBK | ||
| 999 |
_c180411 _d180411 |
||